Paroles : Polnareff - La poupée qui fait non - Statistiques

Statistiques générales
  • Ce quiz a été pris 446 fois
  • Le résultat moyen est 116 sur 139
Statistiques - réponses
Paroles % Correct
fait
100%
non
100%
poupée
100%
qui
100%
elle
99%
Elle
99%
une
99%
C'est
98%
c'est
98%
la
98%
journée
96%
Toute
96%
oui
83%
que
76%
a
75%
je
73%
ma
70%
est
69%
dire
68%
ne
66%
pour
64%
jolie
62%
lui
60%
Mais
60%
jamais
59%
nuit
58%
qu'elle
57%
tellement
57%
vie
57%
appris
56%
Personne
55%
dise
53%
Qu'on
53%
pouvait
52%
donnerais
48%
reve
48%
j'en
45%
même
44%
Sans
41%
l'on
38%
peut
35%
regarder
35%
Pourtant
30%
écouter
28%
Aucun quiz correspondant
Distribution des résultats
% des personnes avec chaque résultat
Percentile par nombre de réponses
Votre historique - résultats
Vous n’avez pas pris ce quiz